| 000 | 00492nam a2200169 i 4500 | ||
|---|---|---|---|
| 001 | bg | ||
| 100 | 1 | _aFUTH, Horst | |
| 245 | 0 |
_aOrganizacja przetwarzania danych w przedsiębiorstwie / _cHorst Futh ; Tłum. [z niem.] Marek Wasiak. |
|
| 260 |
_aWarszawa : _bWydawn. Nauk.-Techn., _c1975. |
||
| 300 |
_as. 161, nlb. 1 : _btab. |
||
| 504 | _a[Zawiera bibliogr. 156-160]. | ||
| 040 | _cBPK | ||
| 041 | _apol | ||
| 080 | _a004:658 | ||
| 942 | _cKS | ||
| 008 | s pl f |000 0 pol | ||
| 999 |
_c16336 _d16336 |
||
| 856 |
_uhttp://koha.tu.koszalin.pl/cgi-bin/koha/opac-detail.pl?biblionumber=16336 _yKatalog online BPK |
||